000 01043nam a22003257a 4500
001 BR2012001191
003 BR-BrBNA
005 20230928103857.0
007 ta
008 230509b bl.||||| |||| 00| 0 por d
040 _aBR-BrBNA
_bpor
_cBiblioteca Nacional de Agricultura
041 _a(Por)
072 _aL73
090 _ L73 BR2012001191
100 1 _aBarbosa, A.D.
110 1 _aUniversidade Federal de Minas Gerais, Belo Horizonte (Brasil). Escola de Veterinária
_0Tese (Mestre em Ciência Animal)
245 1 _aCaracterização e distribuição espacial dos acidentes escorpiônicos em Belo Horizonte, Minas Gerais, 2005 a 2009
260 3 _aBelo Horizonte, MG (Brasil):
_c2011.
300 _a87 p.
500 _aSummaries (Eng, Por); 43 ref.; 34 illus.; 10 tables
650 _aESCORPIÃO
650 _aVENENO
650 _aEPIDEMIOLOGIA
650 _aPOPULAÇÃO HUMANA
650 _aACIDENTE
650 _aSAÚDE PÚBLICA
650 _aMINAS GERAIS
909 _a202309
_bLucia
_c55
_dLucia Elande
942 _cBK
999 _c77045
_d77045